000
00312nam a22001337a 4500
008
181204b xxu||||| |||| 00| 0 eng d
020
_a
0070120625
041
_a
eng
080
_a
621
100
_a
25
101
_a
ENG
245
_a
Technical Analysis For Trading Profesional
_c
Brown.P
942
_2
udc
_c
BK
999
_c
52753
_d
52753